Cartilla para el aprovechamiento de palmito de la palma naidí (Euterpe oleracea) (Registro nro. 7701)
[ vista simple ]
| 000 -CABECERA | |
|---|---|
| Campo de control | 01051nam a22002777a 4500 |
| 005 - FECHA Y HORA DE LA ULTIMA TRANSACCION | |
| Campo de control | 20170920020001.0 |
| 008 - ELEMENTOS DE LONGITUD FIJA—INFORMACION GENERAL | |
| Campo de control | 131030b2013 ck il | |||| 00| 0 spa d |
| 020 ## - ISBN | |
| ISBN | 9789587615395 |
| 040 ## - FUENTE DE CATALOGACIÓN | |
| Agencia catalogadora original | CO-BoIAVH |
| Agencia transcriptora | CO-BoIAVH |
| 041 ## - IDIOMA | |
| Código de idioma para texto/pista de sonido o título separado | Español |
| 044 ## - PAÍS DE PUBLICACIÓN | |
| País de publicación | Colombia |
| 082 ## - NUMERO DE CLASIFICACION DECIMAL DEWEY | |
| Número de clasificación | 584.5 |
| Número del ítem | C21c3 |
| 100 ## - ASIENTO PRINCIPAL--NOMBRE PERSONAL | |
| Nombre personal | Vallejo-Joyas, Martha Isabel |
| Fechas asociadas con el nombre | 1973 - |
| 9 (RLIN) | 83882 |
| 245 ## - MENCION DE TITULO | |
| Título | Cartilla para el aprovechamiento de palmito de la palma naidí (Euterpe oleracea) |
| Mención de responsabilidad | Martha Isabel Vallejo ... [et al]. |
| 260 ## - PUBLICACION, DISTRIBUCION, ETC. (PIE DE IMPRENTA) | |
| Lugar de publicación, distribución, etc. | Bogotá |
| Nombre del editor, distribuidor, etc. | Universidad Nacional de Colombia. Facultad de Ciencias. Instituto de Ciencias Naturales. |
| Fecha de publicación, distribución, etc. | 2013 |
| 300 ## - DESCRIPCION FISICA | |
| Extensión | 36 p. |
| Otros detalles físicos | il. |
| Dimensiones | 21 cm |
| 650 ## - ASIENTO SECUNDARIO DE MATERIA - TERMINO TEMATICO | |
| Término temático o nombre geográfico como elemento de entrada | Palmas |
| 9 (RLIN) | 83883 |
| 650 ## - ASIENTO SECUNDARIO DE MATERIA - TERMINO TEMATICO | |
| Término temático o nombre geográfico como elemento de entrada | Arecaceae |
| 9 (RLIN) | 83884 |
| 650 ## - ASIENTO SECUNDARIO DE MATERIA - TERMINO TEMATICO | |
| Término temático o nombre geográfico como elemento de entrada | Palmito como alimento |
| 9 (RLIN) | 2262 |
| 650 ## - ASIENTO SECUNDARIO DE MATERIA - TERMINO TEMATICO | |
| Término temático o nombre geográfico como elemento de entrada | Palmas |
| 9 (RLIN) | 83883 |
| 651 ## - ASIENTO SECUNDARIO DE MATERIA - NOMBRE GEOGRAFICO | |
| Subdivisión general | cultivo |
| Subdivisión geográfica | Pacífico (Región) |
| -- | Colombia |
| 9 (RLIN) | 83885 |
| 700 ## - ASIENTO SECUNDARIO - NOMBRE PERSONAL | |
| Nombre personal | Galeano-Garcés, Gloria Amparo |
| Fechas asociadas con el nombre | 1958 - |
| 9 (RLIN) | 83886 |
| 700 ## - ASIENTO SECUNDARIO - NOMBRE PERSONAL | |
| Nombre personal | Bernal-González, Rodrigo Germán |
| Fechas asociadas con el nombre | 1959 - |
| 9 (RLIN) | 83887 |
| 710 ## - ASIENTO SECUNDARIO - NOMBRE CORPORATIVO | |
| Nombre corporativo o de jurisdicción como elemento de entrada | Comunidades Afrodescendientes de Guapi e Iscuandé |
| 9 (RLIN) | 2266 |
| 942 ## - ELEMENTOS ADICIONALES (KOHA) | |
| Sistema de clasificación | Dewey Decimal Classification |
| Tipo de ítem | Impreso |
| Koha issues (borrowed), all copies | 2 |
| Withdrawn status | Lost status | Sistema de Clasificación | Damaged status | No para préstamo | Colección | Inventariado | Ubicación Permanente | Ubicación actual | Fecha de adquisición | Total Checkouts | Número topográfico | Inventario / Código de Barras | Date last seen | Date checked out | Ejemplar | Price effective from | Forma de adquisición | Tipo de material |
|---|---|---|---|---|---|---|---|---|---|---|---|---|---|---|---|---|---|---|
| Local | Hemeroteca | Inventariado 2017 | Bogotá | Bogotá | 30/10/2013 | 1 | FG-0408 | 059181 | 15/10/2015 | 06/10/2015 | Ej. 1 | 30/10/2013 | Donación | Folleto | ||||
| Dewey Decimal Classification | General | Inventariado 2017 | Sala Fabio Quevedo | Sala Fabio Quevedo | 01/09/2017 | 1 | LB-584.5 C21c3 | 042687 | 19/09/2017 | 19/09/2017 | Ej. 2 | 01/09/2017 | Donación | Folleto |